| 000 | 00382nam a2200121Ia 4500 | ||
|---|---|---|---|
| 008 | 180219s9999 xx 000 0 und d | ||
| 020 | _a97119245638 | ||
| 100 | _aGapuz's Ray A. | ||
| 245 | 4 |
_aThe ABC'S of maternal and child nursing : _bcore concepts for the nurse licensure exam / |
|
| 250 | _a1st ed | ||
| 260 |
_aSampaloc City : _bNational Books store _c2004 |
||
| 300 | _a131 pages | ||
| 999 |
_c355937 _d355937 |
||